Historia sagrada: con las antiguas ilustraciones
Uloženo v:
| Hlavní autor: | |
|---|---|
| Médium: | Kniha |
| Jazyk: | španělština |
| Vydáno: |
Rancagua
Monjas Benedictinas
1994
|
| Vydání: | 2a. ed |
| Témata: | |
| Tagy: |
Přidat tag
Žádné tagy, Buďte první, kdo vytvoří štítek k tomuto záznamu!
|
MARC
| LEADER | 00000nam a2200000 a 4500 | ||
|---|---|---|---|
| 001 | UCH9120 | ||
| 003 | CL-VaPUC | ||
| 008 | 091224e19940000CL |||||||||||||||||spa|d | ||
| 020 | |a 9567085024 | ||
| 082 | 0 | 4 | |a 222 |b JOR |2 21 |
| 100 | |a Jordá Sureda, Miguel |e author |9 600986 | ||
| 245 | 1 | 0 | |a Historia sagrada: con las antiguas ilustraciones |
| 250 | |a 2a. ed | ||
| 300 | |a 424 p | ||
| 942 | |c BK | ||
| 945 | |d 20091224 00:00:00 |a rbrito | ||
| 260 | |a Rancagua |b Monjas Benedictinas |c 1994 | ||
| 650 | 0 | |a Biblia |9 257603 | |
| 650 | 0 | |a Antiguo testamento |9 313678 | |
| 650 | 7 | |a LIBROS SAGRADOS |2 CL-VaPUC |9 546021 | |
| 583 | |a last modification |c 20091224 00:00:00 |k Rodrigo Vera | ||
| 999 | |c 339183 |d 339181 | ||
| 952 | |0 0 |1 0 |4 0 |6 222_000000000000000_JOR_1994 |7 0 |8 X |9 432663 |a FDOBUD |b FDOBUD |d 2019-11-22 |i 4625471 |o 222 JOR 1994 |p 4625471 |r 2019-11-22 |w 2019-11-22 |y BK_X |k BUD | ||